| 000 | 00507nam a22001815i 4500 | ||
|---|---|---|---|
| 001 | 48307 | ||
| 003 | ES-MaACL | ||
| 007 | t| | ||
| 008 | 950712m18791880gw ||||1| ger d | ||
| 040 |
_aCAM _bspa _cCAM |
||
| 100 | 1 |
_aDahn, Felix. _942450 |
|
| 245 | 1 | 0 |
_aBausteine _b: gesammelte kleine Schriften / _cvon Felix Dahn. |
| 260 |
_aBerlin : _bverlag von Otto Jante, _c1879-1880. |
||
| 300 |
_a2 v. ; _c22 cm. |
||
| 700 | 1 |
_aJante, Otto, _eed. _9201321 |
|
| 852 |
_aES-MaACL _jG-2884-5 |
||
| 999 |
_c48307 _d48307 |
||